00538 2200169 4500001002100000005001500021035002000036007000300056008003900059082000700098084001300105100001400118245014900132260004600281650002700327990001400354INLIS00000000000988120260413020900 a0010-0426000210ta260413 | | |  a81 a81 KHA i0 aKHAROLINA1 aIMPLEMENTASI KEBIJAKAN KENAIKAN PANGKAT PEGAWAI NEGERI SIPIL DI LINGKUNGAN PEMERINTAH KOTA PALANGKA RAYA PROVINSI KALIMANTAN TENGAH /cKHAROLINA aPALANGKA RAYA :bPERPUSTAKAAN UMPR,c2026 4aIMPLEMENTASI KEBIJAKAN a238101098